000 00467nam a2200181Ia 4500
001 17475
005 20260306171520.0
008 260306s9999||||xx |||||||||||||| ||und||
041 _aESP
082 _a658
_bK75E
100 _aKoontz, Harold
_eAUT
245 0 _aElementos de administración:
_bun enfoque internacional y de innovación
260 _c2013
300 _axx, 457 páginas :
_c27 cm.
650 _aGEN
654 _aCAN
942 _cLIB
_dJUS
_fJUS
_2ddc
_n
999 _c17475
_d17475